00714nam a2200205 a 450000100060000000300090000600800410001502000150005604000280007108200160009910000330011524500850014826000330023330000080026649000330027459001440030765000280045194200120047999900170049121672CO-ViMGA141112s2004 ck r 000 u spa d a958421473X aCO-ViMGAbspacCO-ViMGA04aCo863 S458h1 aSilva Romero, Ricardo92841310aEl hombre de los mil nombres : bBiografía autorizada del difunto Lester Brown aBogotá : bPlaneta, c2006 a355 aSeix Barral Biblioteca Breve aForma de adquisición : Donación fact. 8855 - - Precio : 35000 - - Proveedor : Fundación exito - - Fecha de adquisición : Junio 200714aNOVELA COLOMBIANA91193 2ddccBK c30236d30236